| 000 | 01117nam a22002417a 4500 | ||
|---|---|---|---|
| 005 | 20110427152433.0 | ||
| 008 | 110427t xxu||||| |||| 00| 0 mar d | ||
| 010 | _aMAR-20751 | ||
| 020 |
_a9788184982114 _c250.00 |
||
| 035 | _aMR-13408 | ||
| 037 | _bDBAD / PUB | ||
| 040 |
_aDPL _bMR |
||
| 082 | _a823 | ||
| 100 |
_aहायलंड,एम.जे. _927501 |
||
| 245 |
_aकॅरी मी डाऊन / _cएम.जे. हायलंड : पुलिंद सामंत द्वारा अनुवादित |
||
| 246 |
_aCarry Me Down _bby M.J.Hyland |
||
| 260 |
_aपुणे _bमेहता पब्लिशिंग हाऊस _c2011 |
||
| 270 |
_a1941, सदाशिव पेठ माडीवाले कॉलनी, _bपुणे _e411030 |
||
| 300 |
_a251पृ _c22सेमी (अजिल्द) |
||
| 700 |
_927502 _aसामंत,पुलिंद |
||
| 942 |
_2ddc _cMR _h823 _mहायलं |
||
| 999 |
_c51945 _d51945 |
||